Les Meilleurs buteurs de la Premier League 2014-2015 - Statistiques

Statistiques générales
  • Ce quiz a été pris 132 fois
  • Le résultat moyen est 8 sur 12
Statistiques - réponses
Buts Nationalité Club Joueur % Correct
21 Angleterre Tottenham Hotspur Harry Kane
100%
26 Argentine Manchester City Sergio Agüero
99%
16 Chili Arsenal Alexis Sánchez
98%
14 Belgique Chelsea Eden Hazard
94%
20 Brésil / Espagne Chelsea Diego Costa
89%
14 France Arsenal Olivier Giroud
86%
12 Espagne Manchester City David Silva
75%
12 Angleterre Manchester United Wayne Rooney
75%
13 Belgique Aston Villa Christian Benteke
46%
12 Italie Southampton Graziano Pellè
36%
18 Angleterre Queens Park Rangers Charlie Austin
7%
14 Angleterre West Bromwich Albion Saido Berahino
2%
Aucun quiz correspondant
Distribution des résultats
% des personnes avec chaque résultat
Percentile par nombre de réponses
Votre historique - résultats
Vous n’avez pas pris ce quiz